Colleurs MPSI FABERT 2020-2021 - Statistiques

Statistiques générales
  • Ce quiz a été pris 8 fois
  • Le résultat moyen est 12 sur 31
Statistiques - réponses
Matière Indice Réponse % Correct
Info Prof MPSI2 Lux
100%
Physique Prof MPSI2 Larose
83%
Maths Mais ! Monsieur Bernhard ! Bennis
67%
Anglais Presque Parme Carme
67%
Maths Vieux Crouvizier
67%
Physique Prof MPSI1 Daniou
67%
Maths Petit papa Noel
67%
Maths Nongrist Sigrist
67%
Anglais Alb... Albrech
50%
Anglais Politique femme (présedentielles 2017) Arthaud
50%
Allemand Bol... Bolzinger
50%
Maths Echelle 2 Gechele
50%
Physique Stou... Stourm
50%
Maths Car... Caringi
33%
Maths El... Elfanni
33%
Physique Gui... Guirten
33%
Maths Mi... Michel
33%
Physique Pokémon massif, toi t'es vraiment un fou dans ta tête Niedercorn
33%
Maths Daronne Stengel
33%
Maths Fake Vernet Viennet
33%
Anglais Bou... Bouissou
17%
Anglais Cu... Cuppari
17%
Maths Pas du métal Dubois
17%
Physique C'est plus ... c'est Euler Keller
17%
Maths Fou furieux de con Levergos
17%
Maths Stut... Stutzmann
17%
Maths PQ Challenge Blaszczyk
0%
Anglais Presque Samuel B Bourgeois
0%
Maths Echelle Eychenne
0%
Allemand Lei... Leitner
0%
Maths Pie... Pierrot
0%
Aucun quiz correspondant
Distribution des résultats
% des personnes avec chaque résultat
Percentile par nombre de réponses
Votre historique - résultats
Vous n’avez pas pris ce quiz